000 00469nam a2200157 4500
001 143170
003 ES-MaACL
005 20230906200737.0
007 t|
008 070214s1968 sp r ||||1| spa d
110 2 _aSeminario Metropolitano de Burgos.
_96567
245 1 0 _aCursos de filosofía y humanidades
_b: calendario año académico 1968-1969.
260 _aBurgos :
_bEd. Aldecoa,
_c1968.
300 _a67 p. ;
_c17 cm.
852 _aES-MaACL
_jC-36834
_bR.68059
999 _c143170
_d143170